Rice post-harvest technology. (Record no. 8701)
[ view plain ]
| 000 -LEADER | |
|---|---|
| fixed length control field | 00276nam a22001217a 4500 |
| 040 ## - CATALOGING SOURCE | |
| Transcribing agency | HS |
| 082 ## - DEWEY DECIMAL CLASSIFICATION NUMBER | |
| Classification number | 633 |
| 100 ## - MAIN ENTRY--AUTHOR NAME | |
| Personal name | សុក គន្ធី |
| 245 ## - TITLE STATEMENT | |
| Title | Rice post-harvest technology. |
| 260 ## - PUBLICATION, DISTRIBUTION, ETC. (IMPRINT) | |
| Place of publication | Japan |
| Name of publisher | សុក គន្ធី |
| Year of publication | 1995 |
| 300 ## - PHYSICAL DESCRIPTION | |
| Number of Pages | 558p. |
| 942 ## - ADDED ENTRY ELEMENTS (KOHA) | |
| Koha item type | សៀវភៅភាសាអង់គ្លេស |
| 952 ## - LOCATION AND ITEM INFORMATION (KOHA) | |
| Withdrawn status [LOCAL, KOHA] | 0 |
| 952 ## - LOCATION AND ITEM INFORMATION (KOHA) | |
| Withdrawn status [LOCAL, KOHA] | 0 |
| Permanent Location | Date acquired | Koha item type | Lost status | Shelving location | Barcode | Current Location | Full call number |
|---|---|---|---|---|---|---|---|
| Library Block B | 2016-08-09 | សៀវភៅភាសាអង់គ្លេស | C252 | RUA045680 | Library Block B | 633 សុក 1995 C252 | |
| Library Block B | 2016-08-09 | សៀវភៅភាសាអង់គ្លេស | C252 | RUA045404 | Library Block B | 633 សុក 1995 C252 |